| 000 | 00904nam a2200253 i 4500 | ||
|---|---|---|---|
| 001 | C2-0326242 | ||
| 003 | PPAK | ||
| 005 | 20180728124136.0 | ||
| 008 | 140324s2012 my a|||| ||||| | eng d | ||
| 020 | _a9789673442812 | ||
| 040 |
_aPPAK _beng _cPPAK _erda |
||
| 082 | 0 | 4 |
_a915.952111 _223 |
| 090 | 0 | 0 |
_a915.952111 _bCOL _dR |
| 245 | 0 | 0 |
_aColours of Kota Marudu : _bSabah. Malaysia |
| 264 | 1 |
_aSerdang, Selangor : _bUniversiti Putra Malaysia Press , _c2012 |
|
| 300 |
_axi, 192 pages : _bcolour illustrations ; _c28 cm |
||
| 336 |
_2rdacontent _atext |
||
| 337 |
_2rdamedia _aunmediated |
||
| 338 |
_2rdacarrier _avolume |
||
| 500 | _aIncludes bibliographical references and index | ||
| 650 | 1 | 0 | _aTourism - Sabah - Kota Marudu. ; Kota Marudu (Sabah) - Environmental conditions. ; Kota Marudu (Sabah) - Description and travel. |
| 700 | 0 |
_aFatimah Md Yusoff...[et al.], _eeditor |
|
| 942 |
_ddc _cB |
||
| 999 |
_c125924 _d125924 |
||